000 00760cam a2200241 a 4500
001 3435849
005 20180109091944.0
008 910621s1992 mauab b 001 0 eng
010 _a 91073466
020 _a0669244597
040 _aDLC
_cDLC
041 _aeng
043 _ae-uk---
080 _a941
082 0 0 _a941 WIL
_a942.07
_220
100 1 _a16
101 _aHIS
245 1 4 _aThe age of aristocracy, 1688-1830 /
_cWilliam B. Willcox, Walter L. Arnstein.
504 _aIncludes bibliographical references (p. 323-336) and index.
906 _a7
_bcbc
_corignew
_d2
_eopcn
_f19
_gy-gencatlg
942 _2ddc
_cBK
999 _c39973
_d39973